Municipalities of Chiba Prefecture - Statistics

General Stats
  • This quiz has been taken 893 times
  • The average score is 31 of 54
Answers on the Map
Answers color-coded by a green-red scale on the quiz's map according to % correct below.
 
Answer Stats
Answer % Correct
Chiba 千葉
99%
Funabashi 船橋
84%
Narita 成田
83%
Urayasu 浦安
82%
Ichikawa 市川
80%
Kashiwa 柏
77%
Choshi 銚子
76%
Ichihara 市原
75%
Kisarazu 木更津
75%
Matsudo 松戸
74%
Noda 野田
73%
Tateyama 館山
70%
Narashino 習志野
68%
Sakura 佐倉
67%
Abiko 我孫子
66%
Nagareyama 流山
65%
Kamogawa 鴨川
64%
Minamiboso 南房総
62%
Inzai 印西
61%
Katori 香取
61%
Yachiyo 八千代
61%
Kamagaya 鎌ケ谷
60%
Kimitsu 君津
60%
Futtsu 富津
59%
Yotsukaido 四街道
59%
Katsuura 勝浦
58%
Kujukuri 九十九里
57%
Asahi 旭
56%
Isumi いすみ
55%
Sodegaura 袖ケ浦
54%
Shiroi 白井
53%
Mobara 茂原
52%
Shisui 酒々井
52%
Togane 東金
52%
Chosei 長生
51%
Ichinomiya 一宮
51%
Oamishirasato 大網白里
51%
Sanmu 山武
51%
Yachimata 八街
51%
Kyonan 鋸南
49%
Sosa 匝瑳
47%
Onjuku 御宿
45%
Shibayama 芝山
45%
Yokoshibahikari 横芝光
44%
Sakae 栄
43%
Chonan 長南
42%
Kozaki 神崎
41%
Nagara 長柄
41%
Tako 多古
41%
Tomisato 富里
41%
Otaki 大多喜
40%
Tonosho 東庄
40%
Shirako 白子
37%
Mutsuzawa 睦沢
36%
No matching quizzes found
Score Distribution
Percent of People with Each Score
Percentile by Number Answered
Your Score History
You have not taken this quiz